000 00529nam a2200205Ia 4500
003 GCL
008 140319s9999 xx 000 0 ara d
040 _aGCL /
_cGCL
082 0 4 _aد
_b050
_bط ك
100 1 _aطه حسين
245 1 0 _aالكاتب المصرى /
_cطه حسين
300 _aمتعدد
650 0 4 _aالادب
650 0 4 _aالشعر
650 0 4 _aدوريات
650 0 4 _aفن كتابة القصة
650 0 4 _aفن كتابة الشعر
650 0 4 _aتاريخ ونقد
942 _2ddc
_cBK
999 _c27108
_d27108